Logos that Start with C - Statistics

General Stats
  • This quiz has been taken 52 times
  • The average score is 9 of 16
Answer Stats
Picture Answer % Correct
Coca Cola
94%
Cartoon Network
85%
Chanel
83%
Calvin Klein
81%
CBS
68%
Costco
64%
Cadillac
62%
Cheerios
62%
Chipotle
60%
Carls Jr.
57%
Clorox
55%
Chevron
51%
Citi
47%
Chase
36%
Caesars
17%
Chick-Fill-A
9%
No matching quizzes found
Score Distribution
Percent of People with Each Score
Percentile by Number Answered
Your Score History
You have not taken this quiz